02563ngm a22003857a 450000500170000000700100001700800410002702800170006805000290008524501440011424600550025826000950031330000510040850000150045950000470047450000190052150800770054051100990061752010180071652100220173453800240175654600280178065000220180865000250183065000230185565000160187865000170189465000260191165000340193770000520197170000350202370000400205870000420209871000370214020160714123631.0vc aa ak160712t20062002mx 100|| |||| 00| mleng d a50966224015904aPN1995.9.P674 bP37 200600aPaseando con los hombres de las cavernas c / productor ejecutivo y director Richard Dale ; producción Mark Hedgecoeh[videograbación] 21aWalking with cavemen cavemen h[videograbación]  a London , BBC Worldwide , México :bdistribuido por Tycoon Entertainmment Group ;cc2006 a1 DVD (100 min.)bsonido., color. c4 3/4 plg. aDocumental aProducido originalmente en 2003 por la BBC a"RTC DVD-8738" aproductor ejecutivo y director Richard Dale ; producción Mark Hedgecoe a Efectos especiales Tim Goodchild. Música Alan Parker, Productor de la serie Peter Georgi  a"La historia comienza al este de África cuando los simios comenzaron a caminar en 2 piernas. Cuatro millones de años después, media docena de diferentes especies de humanos habitaban África, pero eventualmente el Homo Erectus dominó el mundo y fue el primer Hombre-Simio que colonizó el planeta. ¿Cómo hicieron nuestros ancestros para inventar el lenguaje y las herramientas, crear arte o imaginar el futuro? De los creadores de "Paseando con Dinosaurios" y "Paseando con animales Prehistóricos", BBC presenta este periodo perdido en la historia de nuestro planeta, investigando nuestro árbol genealógico hasta llegar al Australopitecus Afarensis, el primero que se irguió sobre 2 piernas. Podemos ser testigos de los primeros indicios de razonamiento, de la compasión, la amistad y el amor; observar los primeros entierros de cadáveres humanos; ir hasta la era del hielo en Europa con los Neandertanles tratando de dominar al mundo, finalmente derrotados por el Homo Sapiens.."--Envase aClasificación A aDVD, Regiones 1 y 4 aEn inglés y español04aHombre xOrígen04aHombre xEvolución04aNeanderthal (Raza)04aCro-Magnons04aHomo erectus04aHombre prehistórico04aAntropología prehistórica1 aDale, Richard eproductor ejecutivo y director1 aHedgecoe, Mark e producción1 aTim Goodchild.eEfectos especiales 1 a Peter GeorgieProductor de la serie2 aBritish Broadcasting Corporation